| 000 | 02388nam a22002657a 4500 | ||
|---|---|---|---|
| 005 | 20260423064241.0 | ||
| 007 | cr |||aaa||||| | ||
| 008 | 260421s2025 mx| ||||o|||| 000 0 spa d | ||
| 020 | _a9786072646155 | ||
| 040 |
_aMX-MxUPN _bspa _eaacr2 |
||
| 041 | 0 | _aspa | |
| 050 | 4 | _aHQ799.2 V56 | |
| 245 | 0 | 0 |
_aJuventudes, género y violencia : _bentretejidos en contextos contemporáneos _h[recurso electrónico en línea] |
| 250 | _aPrimera edición | ||
| 260 |
_aCuernavaca, Morelos : _bUniversidad Autónoma del Estado de Morelos, _c2025 |
||
| 300 |
_a1 recurso en línea (342 páginas) : _bPDF |
||
| 505 | 0 |
_tIdentidad masculina en la encrucijada de las convocatorias y los procesos de subjetivación / _rRaúl Enrique Anzaldúa Arce. -- _tAdolescentes y reglamentos escolares: la interpelación 67 de la norma frente a las nuevas masculinidades / _rAna Cecilia Valencia Aguirre, José María Nava Preciado, Alejandro César Antonio Luna Bernal. -- _tRelatos docentes sobre masculinidad escolar indígena en Morelos / _rGustavo Adolfo Enríquez Gutiérrez. -- _tLa educación superior y la configuración de las masculinidades / _rIrene Aguado Herrera. -- _t“Por internet lo consigo”: estrategias económicas de jóvenes afromexicanas migrantes retornadas en contextos rurales / _rAlejandra A. Ramírez López, Belem Quezada Díaz . -- _tLa masculinidad hegemónica y el amor romántico : de las expectativas de género a las masculinidades no violentas / _rParis González Aguirre. -- _tMujeres violentadas : desnudando lo real de las narrativas / _rMaría Teresa Prieto Quezada, José Claudio Carrillo Navarro. -- _tManifestaciones de violencia simbólica de género en una institución de educación superior para el campo educativo / _rAndrea Belén Vargas Gómez, Josué Eduardo Villegas Reyes, Gloria Martínez Martínez. -- _tLa violencia simbólica de género y el lenguaje no incluyente (encubierto) como elementos que generan y perpetúan la discriminación en el ámbito jurídico / _rAída Figueroa Bello. |
|
| 506 | 0 | _aAcceso abierto. | |
| 650 | 4 |
_aJóvenes y violencia _zMéxico _922199 |
|
| 700 | 1 |
_aValencia Aguirre, Ana Cecilia _933933 _ecoordinación |
|
| 700 | 1 |
_aEnríquez Gutiérrez, Gustavo Adolfo _954437 _ecoordinación |
|
| 856 | 4 | 0 | _uhttp://riaa.uaem.mx/handle/20.500.12055/4925 |
| 902 | _aVíctorGodínez/210426 | ||
| 942 |
_2lcc _cLIBRO-E |
||
| 999 |
_c214985 _d214985 |
||